[Event "EuChJun Girls"]
[Site "Patras GRE"]
[Date "2001.07.21"]
[EventDate "2001.07.16"]
[Round "6"]
[Result "1-0"]
[White "Iweta Radziewicz Rajlich"]
[Black "Lela Javakhishvili"]
[WhiteElo "2375"]
[BlackElo "2293"]
[PlyCount "113"]

1. d4 Nf6 2. c4 e6 3. Nc3 Bb4 4. Qc2 O-O 5. a3 Bxc3+ 6. Qxc3
b6 7. Bg5 c5 8. e3 Bb7 9. dxc5 bxc5 10. f3 a5 11. Nh3 d6
12. Rd1 Ra6 13. Be2 Nbd7 14. O-O h6 15. Bh4 a4 16. Bg3 e5
17. Rd2 Qe7 18. Qc2 Rb8 19. Bh4 Ba8 20. Nf2 Rb3 21. Nd1 Qd8
22. Nc3 Qb8 23. Bd1 Bc6 24. Qc1 Rb7 25. Bc2 Ne8 26. Rff2 Nb6
27. Qf1 Qc8 28. f4 Qg4 29. Bg3 Ra8 30. Qd3 g6 31. Bb1 Re7
32. Qf1 h5 33. Bd3 e4 34. Be2 Qf5 35. Bh4 Rd7 36. h3 Ng7
37. Qd1 Qe6 38. Nd5 Bxd5 39. cxd5 Qe8 40. g4 hxg4 41. hxg4 Rb7
42. Bf6 Nd7 43. Bc3 f6 44. Qf1 Kf7 45. Rh2 Ke7 46. Bb5 Rbb8
47. Qc4 Kf7 48. Bxa4 Qe7 49. Bc6 Ra7 50. Rh7 Nf8 51. Rh8 f5
52. Rdh2 fxg4 53. Bxg7 Kxg7 54. Qc3+ Qf6 55. Rg8+ Kf7
56. Rxf8+ Rxf8 57. Rh7+ 1-0

[Event "EuChJun Girls"]
[Site "Patras GRE"]
[Date "2001.07.23"]
[EventDate "2001.07.16"]
[Round "7"]
[Result "0-1"]
[White "Agnieszka Matras-Clement"]
[Black "Iweta Radziewicz Rajlich"]
[WhiteElo "2218"]
[BlackElo "2375"]
[PlyCount "148"]

1. e4 e6 2. d4 d5 3. Nd2 Nf6 4. e5 Nfd7 5. Bd3 c5 6. c3 Nc6
7. Ne2 Qb6 8. Nf3 cxd4 9. cxd4 f6 10. exf6 Nxf6 11. O-O Bd6
12. Nc3 O-O 13. Be3 Bd7 14. a3 Qd8 15. Bg5 Qe8 16. Ne2 Ng4
17. h3 Nh6 18. Qd2 Nf5 19. Rad1 h6 20. Bf4 Bxf4 21. Nxf4 g5
22. Ne2 Qe7 23. Rfe1 Qg7 24. b4 a6 25. Bxf5 Rxf5 26. Ng3 Rxf3
27. gxf3 Rf8 28. Re3 Ne7 29. Rc1 Nc6 30. Rd1 Rf4 31. Rd3 Rh4
32. Kh2 Qf7 33. Ne2 Ne7 34. Rg1 e5 35. f4 exf4 36. Rf3 Kh8
37. Qc3 Ng8 38. Qc7 Nf6 39. Qe5 Kh7 40. Kg2 Ne4 41. Rh1 Nd2
42. Ng1 Nc4 43. Qe1 Bf5 44. Rb3 g4 45. hxg4 Rxg4+ 46. Kf1 Be4
47. f3 Ne3+ 48. Rxe3 fxe3 49. Qxe3 Qf4 50. Qxf4 Rxf4 51. Ke2
Bg6 52. Ke3 Rf7 53. Ne2 Re7+ 54. Kf2 Rc7 55. Rc1 Rc4 56. Ke3
Kg7 57. Rg1 Kf6 58. Nf4 Bf7 59. Ne2 Rc2 60. Rc1 Ra2 61. Rc3 h5
62. Nc1 Ra1 63. Kf4 Be6 64. Kg3 Kg5 65. f4+ Kf6 66. Nd3 Rg1+
67. Kf2 Rg7 68. Ne5 h4 69. Rc1 h3 70. Rh1 Rg2+ 71. Kf1 Ra2
72. Nf3 Ra1+ 73. Ne1 Rxa3 74. Kf2 Bf5 0-1

[Event "EuChJun Girls"]
[Site "Patras GRE"]
[Date "2001.07.25"]
[EventDate "2001.07.16"]
[Round "9"]
[Result "1-0"]
[White "Iweta Radziewicz Rajlich"]
[Black "Heather S Richards"]
[WhiteElo "2375"]
[BlackElo "2230"]
[PlyCount "89"]

1. e4 e6 2. d4 d5 3. Nd2 c5 4. exd5 Qxd5 5. Ngf3 cxd4 6. Bc4
Qd6 7. Qe2 Nc6 8. Ne4 Qb4+ 9. Bd2 Qb6 10. O-O Be7 11. Bf4 Qd8
12. Rad1 Nf6 13. c3 Nxe4 14. Qxe4 Bf6 15. Nxd4 Nxd4 16. cxd4
O-O 17. Be5 Qe7 18. Rd3 Rd8 19. Rfd1 a6 20. Bb3 Ra7 21. Bxf6
Qxf6 22. d5 exd5 23. Rxd5 Rf8 24. Rd6 Qf5 25. Qe7 h6 26. Rd8
Rxd8 27. Rxd8+ Kh7 28. Qxf7 Qxf7 29. Bxf7 Bf5 30. Bg8+ Kg6
31. Rd6+ Kg5 32. g3 b5 33. f3 Rd7 34. h4+ Kh5 35. Rxd7 Bxd7
36. Bf7+ g6 37. b4 Bc6 38. Kf2 Bd7 39. Bd5 Bc8 40. Ke3 Bd7
41. Kd4 Be8 42. Ke5 g5 43. Kf6 g4 44. Be4 a5 45. bxa5 1-0

[Event "EuChJun Girls"]
[Site "Patras GRE"]
[Date "2001.07.26"]
[EventDate "2001.07.16"]
[Round "10"]
[Result "0-1"]
[White "Ana Srebrnic"]
[Black "Iweta Radziewicz Rajlich"]
[WhiteElo "2176"]
[BlackElo "2375"]
[PlyCount "54"]

1. Nf3 c5 2. c4 g6 3. d4 Bg7 4. Nc3 cxd4 5. Nxd4 Nc6 6. e3 Nh6
7. Be2 d6 8. O-O O-O 9. Nc2 f5 10. Bd2 Nf7 11. Rb1 e6 12. Re1
a6 13. Bf1 g5 14. b4 Bd7 15. Na4 Nce5 16. Nd4 g4 17. c5 Ng5
18. Nb6 dxc5 19. bxc5 Bc6 20. Ba5 Be4 21. Rc1 Rb8 22. Nc4 Qe7
23. Nxe5 Bxe5 24. c6 Qg7 25. f4 gxf3 26. g3 f4 27. c7 fxg3 0-1

[Event "WJun Women"]
[Site "Athens GRE"]
[Date "2001.08.16"]
[EventDate "2001.08.16"]
[Round "1"]
[Result "1-0"]
[White "Iweta Radziewicz Rajlich"]
[Black "Judit Papp"]
[WhiteElo "2375"]
[BlackElo "2121"]
[PlyCount "69"]

1. d4 Nf6 2. c4 c5 3. d5 b5 4. cxb5 a6 5. bxa6 Bxa6 6. Nc3 g6
7. g3 Bg7 8. Bg2 d6 9. Nh3 O-O 10. O-O Nbd7 11. Bd2 Qb6
12. Rb1 Rfb8 13. Qc2 c4 14. Ng5 Nc5 15. h3 Bb7 16. Be3 Qa5
17. Rfd1 h6 18. Bxc5 Qxc5 19. Nge4 Nxe4 20. Bxe4 Qa5 21. g4
Bc8 22. Bf3 Bd7 23. Rdc1 f5 24. Kg2 Rf8 25. Nd1 Qxa2 26. Qxc4
fxg4 27. hxg4 Qa5 28. b4 Qa4 29. Qe4 h5 30. Ne3 hxg4 31. Bxg4
Bxg4 32. Qxg4 Qe8 33. Qe6+ Rf7 34. Ng4 Qf8 35. Rc4 1-0

[Event "WJun Women"]
[Site "Athens GRE"]
[Date "2001.08.17"]
[EventDate "2001.08.16"]
[Round "2"]
[Result "0-1"]
[White "Aarthie Ramaswamy"]
[Black "Iweta Radziewicz Rajlich"]
[WhiteElo "2249"]
[BlackElo "2375"]
[PlyCount "88"]

1. e4 c5 2. Nf3 g6 3. d4 Bg7 4. Nc3 cxd4 5. Nxd4 Nc6 6. Be3
Nf6 7. Bc4 O-O 8. Bb3 d6 9. f3 Bd7 10. Qd2 Nxd4 11. Bxd4 b5
12. Nd5 Nxd5 13. Bxg7 Kxg7 14. exd5 Qb6 15. O-O-O a5 16. a3
Rfc8 17. g4 Ra7 18. h4 f6 19. Rde1 Be8 20. h5 Rac7 21. Kb1 a4
22. Ba2 Rxc2 23. Rxe7+ Kf8 24. Rxe8+ Kxe8 25. Re1+ Kf7
26. hxg6+ hxg6 27. Qb4 Qf2 28. Rh1 Qd2 29. Qxd2 Rxd2 30. Ka1
Kg7 31. Bb1 Rxd5 32. Re1 Rc7 33. Ka2 Rd2 34. Re8 Rb7 35. Be4
d5 36. Rd8 b4 37. axb4 Rxb4 38. Rxd5 Rbxb2+ 39. Ka3 Ra2+
40. Kb4 Rxd5 41. Bxd5 Ra1 42. Bc6 a3 43. Kb3 g5 44. Bd5 Kf8
0-1

[Event "WJun Women"]
[Site "Athens GRE"]
[Date "2001.08.18"]
[EventDate "2001.08.16"]
[Round "3"]
[Result "1/2-1/2"]
[White "Iweta Radziewicz Rajlich"]
[Black "Olga Zimina"]
[WhiteElo "2375"]
[BlackElo "2312"]
[PlyCount "129"]

1. d4 d5 2. c4 c6 3. Nc3 Nf6 4. cxd5 cxd5 5. Bf4 a6 6. e3 Nc6
7. Bd3 Bg4 8. Nge2 e6 9. O-O Be7 10. Rc1 O-O 11. a3 Bh5
12. Bg3 Bd6 13. f3 Bg6 14. Bxd6 Qxd6 15. Nf4 Nd7 16. Nxg6 hxg6
17. f4 Rac8 18. g4 f5 19. g5 Kf7 20. Nb1 Na5 21. Nd2 b5
22. Qe2 Nc4 23. Nf3 Rc7 24. h4 Ke7 25. h5 gxh5 26. Nh4 Kd8
27. Ng6 Re8 28. a4 Nf8 29. Ne5 g6 30. axb5 axb5 31. Bxc4 bxc4
32. Qd2 Ke7 33. b3 Rec8 34. bxc4 dxc4 35. Qc3 Qd5 36. Ra1 Rb8
37. Rfb1 Rcb7 38. Rxb7+ Rxb7 39. Qa3+ Qd6 40. Qxd6+ Kxd6
41. Nxc4+ Kd5 42. Ne5 Ke4 43. Ra3 Rc7 44. Kf2 Rc8 45. Ra2 Rb8
46. Rd2 Rb5 47. Ke2 Rb3 48. Nd3 Nd7 49. d5 Rxd3 50. Rxd3 e5
51. fxe5 Kxe5 52. Rd1 Kd6 53. Kf3 Nc5 54. Kf4 Ne4 55. Rd3 Nf2
56. Ra3 Kxd5 57. Ra5+ Ke6 58. Ra6+ Kf7 59. Ra7+ Ke6 60. Ra6+
Kf7 61. Ra7+ Ke6 62. Rg7 Nd3+ 63. Kg3 Ne5 64. Kf2 Kd5 65. Ke2
1/2-1/2

[Event "WJun Women"]
[Site "Athens GRE"]
[Date "2001.08.21"]
[EventDate "2001.08.16"]
[Round "6"]
[Result "1/2-1/2"]
[White "Sofya Zigangirova"]
[Black "Iweta Radziewicz Rajlich"]
[WhiteElo "2150"]
[BlackElo "2375"]
[PlyCount "106"]

1. e4 c5 2. Nf3 d6 3. d4 cxd4 4. Nxd4 Nf6 5. Nc3 Bd7 6. Bc4 e6
7. Be3 a6 8. Bb3 b5 9. a3 Be7 10. O-O O-O 11. f4 Nc6 12. f5
Nxd4 13. Bxd4 e5 14. Be3 Bc6 15. Qf3 Qd7 16. Rad1 Rac8 17. Rf2
Qb7 18. Nd5 Nxd5 19. Bxd5 Bxd5 20. Rxd5 Rc4 21. c3 f6 22. Rfd2
Rb8 23. Bf2 a5 24. Qd3 Qc6 25. Rc2 Rc8 26. Be1 Rc5 27. Rxc5
Qxc5+ 28. Bf2 Qc4 29. Qxc4+ Rxc4 30. Re2 Bd8 31. Ba7 g6 32. g4
Kf7 33. Kf2 Ke7 34. Kf3 b4 35. axb4 axb4 36. cxb4 Rxb4
37. fxg6 hxg6 38. h4 Rb3+ 39. Kg2 Ke6 40. h5 gxh5 41. gxh5 f5
42. exf5+ Kxf5 43. Be3 Bh4 44. h6 Kg6 45. Bc1 Bf6 46. Rd2 Rb6
47. Kf3 Kf5 48. Rg2 Rb7 49. Rh2 e4+ 50. Ke2 Bxb2 51. h7 Rb8
52. Rh5+ Kg6 53. Rh6+ Kf5 1/2-1/2

[Event "WJun Women"]
[Site "Athens GRE"]
[Date "2001.08.24"]
[EventDate "2001.08.16"]
[Round "8"]
[Result "0-1"]
[White "M Kasturi"]
[Black "Iweta Radziewicz Rajlich"]
[WhiteElo "2115"]
[BlackElo "2375"]
[PlyCount "88"]

1. e4 e6 2. d4 d5 3. Nd2 Nf6 4. e5 Nfd7 5. Bd3 c5 6. c3 Nc6
7. Ne2 Qb6 8. Nf3 f6 9. exf6 Nxf6 10. O-O Bd6 11. Re1 O-O
12. Ng3 cxd4 13. cxd4 Bd7 14. a3 Kh8 15. Bb1 Na5 16. b4 Nc4
17. Bg5 Rae8 18. Qd3 g6 19. Bh6 Ng4 20. Bxf8 Rxf8 21. h3 Nf6
22. Ra2 a5 23. bxa5 Qxa5 24. a4 e5 25. dxe5 Nxe5 26. Qd1 Nxf3+
27. gxf3 Bxh3 28. Kh2 Bd7 29. Kg2 d4 30. Rh1 Qe5 31. Qe2 Qf4
32. Qd3 Bc6 33. Ne4 Bxe4 34. fxe4 Qg5+ 35. Kf1 Be5 36. Qb3 Nh5
37. Ke1 d3 38. Rd2 Qg2 39. Rf1 Qxe4+ 40. Kd1 Qf3+ 41. Ke1 Re8
42. Rg1 Bd4+ 43. Kf1 Qh3+ 44. Rg2 Qh1+ 0-1

[Event "WJun Women"]
[Site "Athens GRE"]
[Date "2001.08.26"]
[EventDate "2001.08.16"]
[Round "10"]
[Result "1/2-1/2"]
[White "Lilit Mkrtchian"]
[Black "Iweta Radziewicz Rajlich"]
[WhiteElo "2376"]
[BlackElo "2375"]
[PlyCount "74"]

1. d4 c5 2. dxc5 e6 3. Nc3 Na6 4. e4 Nxc5 5. Bf4 d6 6. Qd2 e5
7. Be3 Nf6 8. f3 a6 9. O-O-O Qc7 10. g4 h6 11. h4 Be6 12. Kb1
Rc8 13. Rh2 g6 14. Bh3 Nfd7 15. g5 h5 16. Nd5 Bxd5 17. exd5
Bg7 18. Bxc5 Qxc5 19. Bxd7+ Kxd7 20. Ne2 e4 21. fxe4 Rhe8
22. Rf1 Re7 23. Rhf2 Ke8 24. c3 Rcc7 25. Rf4 Be5 26. R4f3 Qc4
27. Qe3 b5 28. Qd3 b4 29. Qxc4 Rxc4 30. Re3 bxc3 31. bxc3 Ra4
32. Nc1 Rc7 33. Rff3 Rcc4 34. Nd3 Bxc3 35. Nb2 Bxb2 36. Kxb2
Rxe4 37. Rc3 Rab4+ 1/2-1/2

[Event "WJun Women"]
[Site "Athens GRE"]
[Date "2001.08.28"]
[EventDate "2001.08.16"]
[Round "12"]
[Result "0-1"]
[White "Marisa Zuriel"]
[Black "Iweta Radziewicz Rajlich"]
[WhiteElo "2202"]
[BlackElo "2375"]
[PlyCount "76"]

1. e4 c5 2. Nf3 d6 3. d4 cxd4 4. Nxd4 Nf6 5. Nc3 Bd7 6. Bc4
Nc6 7. O-O g6 8. h3 Bg7 9. Be3 O-O 10. a4 Ne5 11. Bb3 Bc6
12. f4 Ned7 13. Nxc6 bxc6 14. Qe1 e6 15. Qh4 Qa5 16. f5 exf5
17. exf5 d5 18. Bg5 Rab8 19. Rae1 Rb4 20. Qg3 Qb6+ 21. Kh1 Nh5
22. Qh2 Qb8 23. Qxb8 Rbxb8 24. Kh2 Be5+ 25. Kg1 Bd4+ 26. Kh2
f6 27. Bh4 Be5+ 28. Kg1 Nc5 29. Rxe5 fxe5 30. Be7 Nxb3
31. Bxf8 Rxf8 32. cxb3 gxf5 33. b4 d4 34. Ne2 d3 35. Nc3 e4
36. g4 Ng3 37. Rd1 f4 38. Kg2 Rd8 0-1

[Event "TCh-POL"]
[Site "Glogow POL"]
[Date "2001.09.10"]
[EventDate "2001.09.08"]
[Round "3"]
[Result "0-1"]
[White "Pawel Stoma"]
[Black "Iweta Radziewicz Rajlich"]
[WhiteElo "2193"]
[BlackElo "2375"]
[PlyCount "104"]

1. e4 c5 2. Nf3 d6 3. Nc3 Nf6 4. d4 cxd4 5. Nxd4 Bd7 6. h3 g6
7. g4 h6 8. Bg2 Nc6 9. Nde2 Bg7 10. O-O Ne5 11. Kh1 g5 12. Ng3
h5 13. gxh5 g4 14. h4 Nxh5 15. Nd5 e6 16. Bg5 f6 17. Nxh5 Rxh5
18. Nf4 Rh8 19. Qxd6 fxg5 20. Nxe6 Bxe6 21. Qxe6+ Qe7 22. Qb3
gxh4 23. f4 gxf3 24. Bh3 Rd8 25. Rf2 Rh6 26. Rg1 Kf8 27. c3 a6
28. Bf5 h3 29. Kh2 Qf7 30. Qb4+ Kg8 31. Qa5 Re8 32. Rff1 Kh8
33. Qc5 b6 34. Qe3 Qf6 35. Qc1 Rd8 36. Rg3 Qd6 37. Rf2 Nf7
38. Rfxf3 Qd2+ 39. Qxd2 Rxd2+ 40. Kh1 Rd1+ 41. Rg1 Rxg1+
42. Kxg1 h2+ 43. Kh1 Be5 44. Rd3 Rd6 45. Rd5 Rxd5 46. exd5 Kg7
47. Kg2 Kf6 48. Be4 Nd6 49. Bd3 a5 50. b4 axb4 51. cxb4 b5
52. a3 Bf4 0-1

[Event "EuTChw"]
[Site "Leon ESP"]
[Date "2001.11.07"]
[EventDate "2001.11.06"]
[Round "2"]
[Result "0-1"]
[White "Maia Lomineishvili"]
[Black "Iweta Radziewicz Rajlich"]
[WhiteElo "2373"]
[BlackElo "2387"]
[PlyCount "70"]

1. d4 c5 2. d5 g6 3. e4 d6 4. Nc3 Bg7 5. Nf3 Nf6 6. Be2 O-O
7. O-O e6 8. Bg5 h6 9. Bh4 g5 10. Bg3 exd5 11. exd5 Nh5
12. Nd2 Nxg3 13. fxg3 Nd7 14. Nc4 Nb6 15. Kh1 Nxc4 16. Bxc4
Bd7 17. Bd3 f5 18. Qf3 Be5 19. Nd1 g4 20. Qe3 Qf6 21. c3 Rae8
22. Qf2 Qg5 23. Qc2 b5 24. Nf2 c4 25. Be2 h5 26. Qc1 Qxc1
27. Raxc1 Bxg3 28. Rce1 Bh4 29. g3 Bg5 30. Bd1 Bd2 31. Rxe8
Rxe8 32. Bc2 Re5 33. Rd1 Re2 34. Rf1 Bg5 35. h4 Bf6 0-1

[Event "EuTChw"]
[Site "Leon ESP"]
[Date "2001.11.14"]
[EventDate "2001.11.06"]
[Round "8"]
[Result "0-1"]
[White "Petra Schuurman"]
[Black "Iweta Radziewicz Rajlich"]
[WhiteElo "2274"]
[BlackElo "2387"]
[PlyCount "80"]

1. c4 g6 2. d4 Bg7 3. e4 c5 4. Nf3 Qb6 5. dxc5 Qxc5 6. Be2 d6
7. O-O Nc6 8. a3 Bg4 9. Nbd2 Qa5 10. Rb1 Nf6 11. b4 Qd8
12. Bb2 O-O 13. h3 Bxf3 14. Bxf3 Qc7 15. Qb3 Ne8 16. Rfd1 Bxb2
17. Qxb2 Rc8 18. Rbc1 Ne5 19. Be2 b6 20. f4 Nc6 21. Nf3 Ng7
22. e5 Rfd8 23. c5 dxc5 24. bxc5 Rxd1+ 25. Bxd1 Na5 26. c6 Ne6
27. Nd4 Nxd4 28. Qxd4 b5 29. Bf3 Nb3 30. Qb2 Nxc1 31. Qxc1
Qb6+ 32. Kh2 Qd4 33. h4 a5 34. g3 b4 35. axb4 axb4 36. Qb1
Qf2+ 37. Bg2 Rxc6 38. Qxb4 Rc2 39. Qe4 Rc3 40. Qa8+ Kg7 0-1

[Event "Olympiad, women"]
[Site "Bled SLO"]
[Date "2002.10.27"]
[EventDate "2002.10.26"]
[Round "2"]
[Result "1-0"]
[White "Iweta Radziewicz Rajlich"]
[Black "Sulennis Pina Vega"]
[WhiteElo "2421"]
[BlackElo "2316"]
[PlyCount "157"]

1. e4 c5 2. Nf3 d6 3. Bb5+ Nd7 4. O-O Ngf6 5. d4 cxd4 6. Qxd4
a6 7. Bxd7+ Bxd7 8. Bg5 Rc8 9. Nc3 e6 10. e5 dxe5 11. Nxe5 Bc6
12. Qxd8+ Rxd8 13. Rfd1 Rc8 14. Nxc6 Rxc6 15. Bxf6 gxf6
16. Rd3 Rd6 17. Rad1 Rxd3 18. Rxd3 f5 19. a4 Bg7 20. Nd1 Ke7
21. Rb3 Rb8 22. a5 Kd7 23. Kf1 Kc7 24. Rg3 Bf6 25. Rh3 Rh8
26. Rh5 h6 27. b3 Rd8 28. Ke2 Bg7 29. Ne3 Rd4 30. Rh3 Kc6
31. Rg3 Be5 32. Rg8 Bc7 33. Rg7 Bxa5 34. Rxf7 Rd2+ 35. Kf3 Bc7
36. g3 Bb6 37. Rf6 Kd7 38. Rf7+ Kc6 39. Re7 Bxe3 40. Rxe6+ Kd5
41. Kxe3 Rxc2 42. Rb6 f4+ 43. Kf3 fxg3 44. hxg3 Rc7 45. Kg4
Rh7 46. f4 Kc5 47. Re6 a5 48. f5 Kd5 49. Re8 Rg7+ 50. Kf4 h5
51. f6 Rg4+ 52. Kf5 Rxg3 53. Rd8+ Kc5 54. f7 Rf3+ 55. Ke6 Rxf7
56. Kxf7 Kb4 57. Rb8 Kxb3 58. Rxb7+ Kc4 59. Ra7 Kb4 60. Ke6 a4
61. Kd5 a3 62. Kd4 Kb3 63. Kd3 Kb2 64. Rb7+ Kc1 65. Rc7+ Kb2
66. Rc2+ Kb3 67. Rc6 Kb2 68. Kd2 a2 69. Rb6+ Ka3 70. Kc2 a1=N+
71. Kc3 Ka2 72. Rh6 Kb1 73. Rg6 Ka2 74. Rh6 h4 75. Rxh4 Ka3
76. Kc4 Ka4 77. Kd3+ Kb5 78. Rh3 Nc2 79. Rh6 1-0

[Event "Olympiad, women"]
[Site "Bled SLO"]
[Date "2002.10.30"]
[EventDate "2002.10.26"]
[Round "5"]
[Result "1/2-1/2"]
[White "Ekaterina Kovalevskaya"]
[Black "Iweta Radziewicz Rajlich"]
[WhiteElo "2466"]
[BlackElo "2421"]
[PlyCount "125"]

1. e4 e6 2. d4 d5 3. Nd2 c5 4. Ngf3 cxd4 5. Nxd4 Nf6 6. Bd3
Bc5 7. N4b3 Bd6 8. exd5 exd5 9. Qe2+ Be7 10. Bb5+ Nc6 11. Nd4
Bd7 12. N2f3 O-O 13. O-O Re8 14. c3 Nxd4 15. cxd4 Bd6 16. Qd3
Bxb5 17. Qxb5 Qd7 18. Qb3 Rac8 19. Be3 a6 20. Rac1 h6 21. h3
b5 22. Rxc8 Rxc8 23. Ne5 Qf5 24. Qd3 Qe6 25. Bf4 Bxe5 26. dxe5
Nd7 27. Rd1 Nxe5 28. Qxd5 Qxd5 29. Rxd5 Ng6 30. Be3 Rc2
31. Rd8+ Kh7 32. Ra8 Rxb2 33. Rxa6 Ne5 34. Bd4 Rb1+ 35. Kh2
Nc4 36. g3 Rd1 37. Bc5 Rd5 38. Bb4 Ne5 39. Rd6 Rxd6 40. Bxd6
Nc4 41. Bb4 h5 42. Kg2 Kg6 43. Kf3 Kf5 44. g4+ hxg4+ 45. hxg4+
Ke6 46. Ke4 Ne5 47. f3 f6 48. Bc3 Nd7 49. f4 g6 50. f5+ gxf5+
51. gxf5+ Kd6 52. Bb4+ Kc6 53. Be7 Nc5+ 54. Kd4 Nb7 55. Bxf6
Nd6 56. Ke5 b4 57. Bg7 Nxf5 58. Kxf5 Kd5 59. Kf6 Kc4 60. Ke6
b3 61. a3 Kb5 62. Kd6 Kb6 63. Bb2 1/2-1/2

[Event "Olympiad, women"]
[Site "Bled SLO"]
[Date "2002.10.31"]
[EventDate "2002.10.26"]
[Round "6"]
[Result "1/2-1/2"]
[White "Anna-Maria Botsari"]
[Black "Iweta Radziewicz Rajlich"]
[WhiteElo "2320"]
[BlackElo "2421"]
[PlyCount "152"]

1. d4 e6 2. c4 c5 3. d5 exd5 4. cxd5 d6 5. Nc3 g6 6. e4 Bg7
7. Bd3 Ne7 8. h3 a6 9. a4 O-O 10. Nf3 f5 11. O-O Nd7 12. exf5
Nxf5 13. Bg5 Qc7 14. Qd2 Ne5 15. Nxe5 Bxe5 16. Rae1 c4
17. Bxf5 Bxf5 18. f4 Qb6+ 19. Kh2 Bg7 20. Re7 Rae8 21. Rfe1
Rxe7 22. Rxe7 h6 23. Bh4 Rf7 24. Re8+ Kh7 25. Bf2 Qc7 26. Bd4
Qd7 27. Re1 Bf8 28. a5 h5 29. Ne2 Bd3 30. Ng1 Bh6 31. Be3 Qf5
32. Nf3 Re7 33. Ng5+ Kg8 34. Bf2 Rxe1 35. Bxe1 Qxd5 36. Qe3
Kf8 37. Bc3 Bxg5 38. fxg5 Be4 39. Qf2+ Ke8 40. h4 Kd7 41. Qd4
Qf5 42. Be1 Bd5 43. Bg3 Qe4 44. Qxe4 Bxe4 45. Bf2 Ke6 46. Kg3
Kf5 47. Bd4 Bc6 48. Kf2 Ke4 49. Bf6 Kd3 50. g3 Bd7 51. Ke1 Bg4
52. Be7 d5 53. Bf6 d4 54. Be5 c3 55. bxc3 dxc3 56. Bf4 Kd4
57. Bd6 Kd5 58. Bf4 Kc4 59. Be5 Kb4 60. Bc7 Kb5 61. Bd8 Bf3
62. Bb6 Kb4 63. Bd8 Kb3 64. Bf6 b5 65. axb6 a5 66. g4 a4
67. Bxc3 Kxc3 68. Kf2 Bd5 69. gxh5 gxh5 70. g6 a3 71. g7 a2
72. b7 a1=Q 73. b8=Q Qa2+ 74. Kf1 Qc4+ 75. Kf2 Qxh4+ 76. Qg3+
Qxg3+ 1/2-1/2

[Event "Olympiad, women"]
[Site "Bled SLO"]
[Date "2002.11.02"]
[EventDate "2002.10.26"]
[Round "8"]
[Result "0-1"]
[White "Svetlana Petrenko"]
[Black "Iweta Radziewicz Rajlich"]
[WhiteElo "2349"]
[BlackElo "2421"]
[PlyCount "152"]

1. e4 c5 2. Nf3 g6 3. d4 cxd4 4. Qxd4 Nf6 5. e5 Nc6 6. Qc4 d5
7. exd6 Bg7 8. Be2 Qxd6 9. O-O O-O 10. Rd1 Qc7 11. Nc3 Be6
12. Qa4 a6 13. Bf4 Qc8 14. Ne5 b5 15. Nxc6 Qxc6 16. Qa5 Bg4
17. Bxg4 Nxg4 18. h3 Bxc3 19. Qxc3 Qxc3 20. bxc3 Nf6 21. a4
Ne4 22. c4 Nc3 23. Re1 bxc4 24. Rxe7 Rfe8 25. Rxe8+ Rxe8
26. Bd2 Nd5 27. Rd1 f6 28. Kf1 Kf7 29. Bc1 Rd8 30. Rd4 c3
31. Ba3 Ke6 32. Re4+ Kf5 33. f3 g5 34. Bc5 Rc8 35. Bd6 Rc6
36. g4+ Kg6 37. Bg3 h5 38. h4 hxg4 39. fxg4 a5 40. Kf2 Nb4
41. Re2 Rc4 42. Kf3 Nc6 43. h5+ Kf7 44. Rh2 Kg7 45. Bd6 Rxa4
46. Kg3 Rd4 47. Bc7 Rd2 48. Rf2 Rd7 49. Bb6 a4 50. Bc5 Ne5
51. Bb4 Rd4 52. h6+ Kg6 53. Bxc3 Rxg4+ 54. Kh3 Rh4+ 55. Kg3
Rxh6 56. Rd2 Rh7 57. Rd6 Kf5 58. Bd4 g4 59. c3 Rh3+ 60. Kg2 a3
61. Ra6 Rd3 62. Rxa3 Nf3 63. Bf2 Kg5 64. Ra5+ f5 65. c4 Rc3
66. c5 Nh4+ 67. Kh2 Rc2 68. Kg1 Nf3+ 69. Kg2 Ne1+ 70. Kf1 Nd3
71. Be3+ Kf6 72. Bd4+ Ke6 73. Ra3 Nxc5 74. Rc3 Rxc3 75. Bxc3
Kd5 76. Ba5 Ke5 0-1

[Event "Olympiad, women"]
[Site "Bled SLO"]
[Date "2002.11.05"]
[EventDate "2002.10.26"]
[Round "10"]
[Result "1-0"]
[White "Iweta Radziewicz Rajlich"]
[Black "Mariya Sergeyeva"]
[WhiteElo "2421"]
[BlackElo "2350"]
[PlyCount "73"]

1. d4 Nf6 2. c4 g6 3. Nc3 Bg7 4. e4 d6 5. Nf3 O-O 6. h3 Nbd7
7. Bg5 e5 8. d5 a5 9. Nd2 Nc5 10. Be2 h6 11. Be3 b6 12. g4 Ne8
13. h4 f5 14. exf5 gxf5 15. g5 e4 16. f4 a4 17. Rc1 Qe7
18. Nf1 a3 19. b4 Nd3+ 20. Bxd3 exd3 21. Qxd3 b5 22. cxb5 Rb8
23. Rg1 Bd7 24. Kf2 hxg5 25. hxg5 Bxc3 26. Qxc3 Rxb5 27. Rh1
Ng7 28. Ng3 Rxd5 29. Bd4 Bb5 30. Rce1 Qf7 31. Rh6 Rxd4
32. Qxd4 Qxa2+ 33. Kg1 Qc4 34. Qa1 Qxf4 35. Qxg7+ Kxg7
36. Nh5+ Kg8 37. Nxf4 1-0

[Event "European Clubs Cup (Men)"]
[Site "?"]
[Date "2003.09.28"]
[EventDate "?"]
[Round "1.16"]
[Result "1-0"]
[White "Iweta Radziewicz Rajlich"]
[Black "Ozgur Akman"]
[WhiteElo "2419"]
[BlackElo "2013"]
[PlyCount "39"]

1. e4 c6 2. d4 d5 3. e5 Bf5 4. Nc3 Qd7 5. Be3 h6 6. a3 e6
7. g4 Bh7 8. Nge2 Ne7 9. Ng3 a6 10. b4 Qc7 11. f4 Nd7 12. Na4
Nc8 13. c3 Be7 14. Bd3 Bxd3 15. Qxd3 Bh4 16. O-O Bxg3 17. hxg3
Ne7 18. f5 Nf6 19. fxe6 fxe6 20. Nc5 1-0

[Event "European Clubs Cup (Men)"]
[Site "Rethymnon, Crete"]
[Date "2003.09.30"]
[EventDate "2003.09.30"]
[Round "3.135"]
[Result "0-1"]
[White "Robert Perhinig"]
[Black "Iweta Radziewicz Rajlich"]
[WhiteElo "2215"]
[BlackElo "2419"]
[PlyCount "78"]

1. Nf3 g6 2. g3 Bg7 3. Bg2 e5 4. O-O d5 5. c4 d4 6. d3 Ne7
7. Ne1 O-O 8. b4 Nd7 9. Nd2 Re8 10. Nb3 Rb8 11. a4 b6 12. a5
b5 13. Nc2 Ba6 14. cxb5 Bxb5 15. Na3 Ba4 16. Bd2 Nc5 17. bxc5
Bxb3 18. Qc1 Bd5 19. Qc2 Bxg2 20. Kxg2 Qd5+ 21. Kg1 Nc6
22. Rab1 a6 23. Rxb8 Rxb8 24. Rb1 Bf8 25. Rxb8 Nxb8 26. Qb2
Nd7 27. Nc4 h5 28. Qb4 Qc6 29. f4 exf4 30. gxf4 Bg7 31. Be1
Nxc5 32. Qb8+ Kh7 33. Bg3 Ne6 34. Qc8 Bf6 35. Ne5 Qc1+ 36. Kg2
Bxe5 37. fxe5 Qe3 38. Qxa6 h4 39. Bf2 Qxe2 0-1

[Event "European Clubs Cup (Men)"]
[Site "Rethymnon GRE"]
[Date "2003.10.03"]
[EventDate "2003.09.28"]
[Round "6"]
[Result "1/2-1/2"]
[White "Csaba Horvath"]
[Black "Iweta Radziewicz Rajlich"]
[WhiteElo "2513"]
[BlackElo "2419"]
[PlyCount "68"]

1. d4 c5 2. d5 g6 3. e4 Bg7 4. c4 d6 5. Bd3 e6 6. Nc3 a6 7. a4
Ne7 8. h4 exd5 9. cxd5 Nd7 10. h5 Ne5 11. Be2 f5 12. Nf3 Nf7
13. Qd3 Rb8 14. hxg6 hxg6 15. Rxh8+ Bxh8 16. Ng5 Ng8 17. Ne6
Qf6 18. exf5 Qxf5 19. Qe3 Ne7 20. Bd3 Qe5 21. Be4 Nf5 22. Qe2
Nd4 23. Nxd4 cxd4 24. Na2 a5 25. Bd2 Kf8 26. f4 Qf6 27. Qd3
Bg4 28. Kf2 Re8 29. Kg1 Bf5 30. Bxf5 gxf5 31. Re1 Rxe1+
32. Bxe1 Nh6 33. Nc1 Ng4 34. Ne2 Kf7 1/2-1/2

[Event "Accentus Turnier Biel"]
[Site "Biel SUI"]
[Date "2004.07.19"]
[EventDate "2004.07.19"]
[Round "1"]
[Result "1-0"]
[White "Iweta Radziewicz Rajlich"]
[Black "Monika Seps"]
[WhiteElo "2431"]
[BlackElo "2095"]
[PlyCount "71"]

1. d4 d5 2. Nf3 Nf6 3. Bf4 c6 4. e3 Bf5 5. Bd3 Bxd3 6. Qxd3 e6
7. Nbd2 Bd6 8. Ne5 O-O 9. Bg5 c5 10. c3 Be7 11. Qb5 Qb6 12. a4
cxd4 13. exd4 Qc7 14. O-O Nc6 15. Bxf6 Bxf6 16. f4 a6 17. Qd3
b5 18. axb5 axb5 19. b4 Ne7 20. Ng4 Rxa1 21. Nxf6+ gxf6
22. Rxa1 Qxf4 23. Rf1 Qh6 24. Rf2 Nf5 25. Qxb5 Qe3 26. Qc6 Kh8
27. Nf1 Qg5 28. Qc7 Qc1 29. b5 Kg7 30. b6 Qb1 31. b7 Qb5
32. g4 Nh4 33. Qf4 Ng6 34. Qxf6+ Kg8 35. h4 Qxb7 36. h5 1-0

[Event "Accentus Turnier Biel"]
[Site "Biel SUI"]
[Date "2004.07.25"]
[EventDate "2004.07.25"]
[Round "6"]
[Result "0-1"]
[White "Monika Seps"]
[Black "Iweta Radziewicz Rajlich"]
[WhiteElo "2095"]
[BlackElo "2431"]
[PlyCount "94"]

1. e4 c5 2. Nf3 Nc6 3. d4 cxd4 4. Nxd4 g6 5. Nc3 Bg7 6. Be3
Nf6 7. f3 O-O 8. Bc4 Qb6 9. Qd2 Ng4 10. fxg4 Bxd4 11. Bxd4
Qxd4 12. Qxd4 Nxd4 13. O-O-O Nc6 14. Nd5 Kg7 15. g5 Rb8 16. a4
d6 17. Ne3 Ne5 18. Bd5 Bd7 19. b3 b5 20. axb5 Bxb5 21. Rd4
Rfc8 22. Rhd1 Rc5 23. b4 Rc3 24. Kd2 Rcc8 25. Ra1 a6 26. Rb1
Rb6 27. Kd1 e6 28. Ba2 Rbc6 29. Kd2 Kf8 30. c4 Bxc4 31. Bxc4
Nxc4+ 32. Nxc4 Rxc4 33. Rxc4 Rxc4 34. Kd3 d5 35. exd5 exd5
36. b5 axb5 37. Rxb5 Rg4 38. Rxd5 Rxg2 39. h4 Rg3+ 40. Kc4 Kg7
41. Rd4 h6 42. Rd5 Rf3 43. Rd4 Ra3 44. gxh6+ Kxh6 45. Kd5 Re3
46. Rf4 f5 47. Kd4 Re4+ 0-1